000 00524nam a2200169Ia 4500
008 190805s9999||||xx |||||||||||||| ||und||
020 _a9788126552344
_cRs. 819.00
082 0 4 _a337
_bSa388
100 1 _aSalvatore, Dominick
245 1 0 _aInternational Economics: Trade and Finance /
_cDominick Salvatore
250 _a11th ed.
260 _aNew Delhi :
_bWiley India Pvt. Ltd,
_c2014, reprinted 2017
300 _axxxix, 757 p.
_b :
_c; 24 cm.
650 0 _aInternational trade
942 _cBK
999 _c334
_d334